Woodfall (Record no. 103227)
[ view plain ]
| 000 -LEADER | |
|---|---|
| fixed length control field | 01970cam a2200289 4500 |
| 001 - CONTROL NUMBER | |
| control field | L124423 |
| 008 - FIXED-LENGTH DATA ELEMENTS--GENERAL INFORMATION | |
| fixed length control field | 031121n2003 000 0 eng u |
| 020 ## - INTERNATIONAL STANDARD BOOK NUMBER | |
| International Standard Book Number | 0421228202 |
| 035 ## - SYSTEM CONTROL NUMBER | |
| System control number | (Sirsi) u124423 |
| 041 0# - LANGUAGE CODE | |
| Language code of text/sound track or separate title | eng |
| 050 04 - LIBRARY OF CONGRESS CALL NUMBER | |
| Classification number | 346.410434 $2 18 |
| 245 00 - TITLE STATEMENT | |
| Title | Woodfall |
| Remainder of title | landlord and tenant |
| 260 ## - PUBLICATION, DISTRIBUTION, ETC. | |
| Place of publication, distribution, etc. | London |
| Name of publisher, distributor, etc. | Thomsom Sweet and Maxwell |
| Date of publication, distribution, etc. | 2003- |
| 300 ## - PHYSICAL DESCRIPTION | |
| Extent | 5 |
| Type of unit | v. (loose-leaf) |
| Dimensions | 26cm |
| 350 ## - PRICE (NR) (BK AM CF MU VM SE) [OBSOLETE] | |
| Price | 530 |
| 505 2# - FORMATTED CONTENTS NOTE | |
| Formatted contents note | The relationship of landlord and tenant -- Who may grant leases -- To whom leases may be granted -- Agreement for lease -- The lease -- Species of tenancy -- Rent -- Rent review -- Distress for rent and recovery of rent by action -- Compensation for use and occupation -- Covenants -- Rates, taxes, charges and outgoings -- Repairs -- Easements, sporting rights and game -- Rights and liabilities as between landlord or tenant and third parties -- Assignment, sub-lease and devolution of leases -- Determination of the tenancy -- Options to renew and options to purchase -- Rights and liabilities on determination of tenancy - recovery of the premises by the landlord -- Agricultural tenancies -- Business tenancies -- The Rent Acts -- Assured tenancies -- Secure tenancies -- Enfranchisement and extension of long leases under the Leasehold Reform Act 1967 -- The right to buy -- Tenants rights under Landlord and Tenant Act 1987 -- Enfranchisement by leaseholders of flats |
| 520 ## - SUMMARY, ETC. | |
| Summary, etc. | Covers all aspects of landlord and tenant including case law and legislation. |
| 520 ## - SUMMARY, ETC. | |
| Summary, etc. | This looseleaf is up-to-date as at August 2009. We have cancelled our subscription and will remove this title from our collection when it becomes out-of-date. Please ask a member of staff for more details. |
| 651 #4 - SUBJECT ADDED ENTRY--GEOGRAPHIC NAME | |
| Geographic name | England and Wales |
| Chronological subdivision | 1543- |
| 690 ## - LOCAL SUBJECT ADDED ENTRY--TOPICAL TERM (OCLC, RLIN) | |
| Topical term or geographic name as entry element | Landlord and tenant |
| 9 (RLIN) | 6252 |
| 700 1# - ADDED ENTRY--PERSONAL NAME | |
| Personal name | Lewison, Kim |
| 700 1# - ADDED ENTRY--PERSONAL NAME | |
| Personal name | Brock, Jonathan |
| 700 1# - ADDED ENTRY--PERSONAL NAME | |
| Personal name | Dowding, Nicholas |
| 700 1# - ADDED ENTRY--PERSONAL NAME | |
| Personal name | Morgan, Paul |
| 700 1# - ADDED ENTRY--PERSONAL NAME | |
| Personal name | Rodger, Martin |
| 942 ## - ADDED ENTRY ELEMENTS (KOHA) | |
| Suppress in OPAC | 0 |
| Withdrawn status | Lost status | Source of classification or shelving scheme | Damaged status | Not for loan | Home library | Current library | Shelving location | Date acquired | Cost, normal purchase price | Total Checkouts | Full call number | Barcode | Date last seen | Copy number | Cost, replacement price | Price effective from | Koha item type |
|---|---|---|---|---|---|---|---|---|---|---|---|---|---|---|---|---|---|
| Other/Generic Classification Scheme | London | London | Missing | 07/01/2004 | 530.00 | 346.410434 WOO | 30068943 | 06/08/2019 | 1 | 530.00 | 06/08/2019 | Reference material |